Oceania - Statistics

General Stats
  • This quiz has been taken 22 times
  • The average score is 14 of 15
Answer Stats
Picture Answer % Correct
Australia
100%
Fiji
100%
Kiribati
100%
Marshall islands
100%
Palau
100%
Papua New Guinea
100%
Tonga
100%
Tuvalu
100%
Micronesia
94%
Nauru
94%
Samoa
94%
Solomon islands
94%
Vanuatu
94%
New Caledonia
53%
Cook Islands
47%
No matching quizzes found
Score Distribution
Percent of People with Each Score
Percentile by Number Answered
Your Score History
You have not taken this quiz